| 000 -LEADER |
| fixed length control field |
00607nam a22001937a 4500 |
| 008 - FIXED-LENGTH DATA ELEMENTS--GENERAL INFORMATION |
| fixed length control field |
140527b xxu||||| |||| 00| 0 eng d |
| 020 ## - INTERNATIONAL STANDARD BOOK NUMBER |
| International Standard Book Number |
0870030574 |
| 041 0# - LANGUAGE CODE |
| Language code of text/sound track or separate title |
eng |
| 080 ## - UNIVERSAL DECIMAL CLASSIFICATION NUMBER |
| Universal Decimal Classification number |
355 |
| 100 ## - Rafti |
| Rafti |
Haass, Richard. |
| 245 10 - TITLE STATEMENT |
| Title |
Intervention : |
| Statement of responsibility, etc |
Richard N. Haass. |
| 260 ## - |
| -- |
Washington, DC : |
| -- |
Carnegie Endowment for International Peace, |
| -- |
1994. |
| 300 ## - |
| -- |
258 f.: |
| -- |
24 cm. |
| 500 ## - |
| -- |
Preface: f. IX-X |
| 505 ## - |
| -- |
Index f. 253-258 |
| 650 #0 - |
| -- |
Politika botërore |
| 650 #0 - |
| -- |
SHBA |
| -- |
Marrëdhëniet ushtarake |
| 942 ## - ADDED ENTRY ELEMENTS (KOHA) |
| Source of classification or shelving scheme |
|
| Item type |
Books |